| 000 | 00474nam a2200193Ia 4500 | ||
|---|---|---|---|
| 005 | 20240823012035.0 | ||
| 008 | 240823s9999||||xx |||||||||||||| ||und|| | ||
| 041 | _aENGLISH | ||
| 082 | _A658.1511 N4 | ||
| 100 | _a"Nix,Eileen " | ||
| 245 | 0 | _aEffective Accounting Management | |
| 250 | _a1st | ||
| 260 |
_c1994 _b"Blackwell,UK" |
||
| 500 | _aTRANSFERED | ||
| 650 |
_aManagement _bManagement Studies |
||
| 700 | _a" Anderson,Alan R" | ||
| 942 | _cBK | ||
| 999 |
_c163261 _d163261 |
||